000 00793nam a2200277Ia 4500
001 18889
005 20240113235906.0
007 ta
008 060125s1997 g b000 u 465 u
020 _cPB
040 _aCotton College,Assam
041 _a465
082 _a327
_bSh 11 In
100 _aSharma , Urmila .
245 0 _aInternational Relations: Theory and History Upto World War II Vol.I /
_cUrmila Sharma & S.K.Sharma.
_hTextual Documents
250 _a1st ed. /
260 _aNew Delhi :
_bAtlantic Publishers ,
_c1997.
300 _a392p. ;
_c22cm.
504 _aBib.
653 _aInternational Relations-Theory and History
653 _aG-Political Science
700 _aSharma, S.K..
942 _2ddc
_cBK
999 _c18871
_d18871